000 00279nam a2200145Ia 4500
100 _aPaush/Randy
650 _aGeneral
942 _cBK
366 _f20
245 _aLAST LECTURE
260 _bJaico
_aMumbai
_c2011
082 _a920/PAU
300 _a297
546 _aENGLISH
999 _c25827
_d25827